Trash talk / (Record no. 8268)
[ view plain ]
| 000 -LEADER | |
|---|---|
| fixed length control field | 01241cam a22003373a 4500 |
| 001 - CONTROL NUMBER | |
| control field | 16412287 |
| 003 - CONTROL NUMBER IDENTIFIER | |
| control field | OSt |
| 005 - DATE AND TIME OF LATEST TRANSACTION | |
| control field | 20140310182017.0 |
| 008 - FIXED-LENGTH DATA ELEMENTS--GENERAL INFORMATION | |
| fixed length control field | 960322s1996 nyua j 000 1 eng d |
| 010 ## - LIBRARY OF CONGRESS CONTROL NUMBER | |
| LC control number | 97809025 |
| 020 ## - INTERNATIONAL STANDARD BOOK NUMBER | |
| International Standard Book Number | 0553482750 |
| 035 ## - SYSTEM CONTROL NUMBER | |
| System control number | (OCoLC)ocm34433664 |
| 040 ## - CATALOGING SOURCE | |
| Original cataloging agency | JDP |
| Transcribing agency | JDP |
| Modifying agency | SLC |
| -- | OCL |
| -- | DLC |
| 050 ## - LIBRARY OF CONGRESS CALL NUMBER | |
| Classification number | PZ 7 |
| Item number | .H551 1996 |
| 082 04 - DEWEY DECIMAL CLASSIFICATION NUMBER | |
| Classification number | KF |
| Item number | H42sh 1996 |
| 100 1# - MAIN ENTRY--PERSONAL NAME | |
| Personal name | Herman, Hank. |
| 9 (RLIN) | 6686 |
| 245 10 - TITLE STATEMENT | |
| Title | Trash talk / |
| Statement of responsibility, etc | Hank Herman. |
| 260 ## - PUBLICATION, DISTRIBUTION, ETC. (IMPRINT) | |
| Place of publication, distribution, etc | New York : |
| Name of publisher, distributor, etc | Bantam Books, |
| Date of publication, distribution, etc | c1996. |
| 300 ## - PHYSICAL DESCRIPTION | |
| Extent | 90 p. ; |
| Other physical details | ill. ; |
| Dimensions | 20 cm. |
| 490 1# - SERIES STATEMENT | |
| Series statement | Super hoops ; |
| Volume number/sequential designation | #3 |
| 520 ## - SUMMARY, ETC. | |
| Summary, etc | When the Branford Bulls' coaches go off to basketball camp, Will and Brian both want to run the show. Pretty soon the whole team is divided, and Brian and Will aren't even speaking to each other. |
| 541 ## - IMMEDIATE SOURCE OF ACQUISITION NOTE | |
| -- | 1 |
| 562 ## - COPY AND VERSION IDENTIFICATION NOTE | |
| Number of copies | For circulation.1 copy available in the collection |
| 650 #0 - SUBJECT ADDED ENTRY--TOPICAL TERM | |
| Topical term or geographic name as entry element | Basketball |
| Form subdivision | Juvenile fiction. |
| 9 (RLIN) | 6687 |
| 650 #0 - SUBJECT ADDED ENTRY--TOPICAL TERM | |
| Topical term or geographic name as entry element | Basketball camps |
| Form subdivision | Juvenile fiction. |
| 9 (RLIN) | 6688 |
| 650 #0 - SUBJECT ADDED ENTRY--TOPICAL TERM | |
| Topical term or geographic name as entry element | Basketball stories. |
| 9 (RLIN) | 6689 |
| 655 #7 - INDEX TERM--GENRE/FORM | |
| Genre/form data or focus term | Young adult fiction. |
| Source of term | lcsh |
| 9 (RLIN) | 3735 |
| 710 2# - ADDED ENTRY--CORPORATE NAME | |
| Corporate name or jurisdiction name as entry element | Copyright Paperback Collection (Library of Congress) |
| Institution to which field applies | DLC |
| 9 (RLIN) | 705 |
| 906 ## - LOCAL DATA ELEMENT F, LDF (RLIN) | |
| a | 7 |
| b | cbc |
| c | copycat |
| d | 2 |
| e | ncip |
| f | 19 |
| g | y-genrareb |
| 942 ## - ADDED ENTRY ELEMENTS (KOHA) | |
| Source of classification or shelving scheme | Library of Congress Classification |
| Koha item type | |
| Call number prefix | |
| Withdrawn status | Lost status | Source of classification or shelving scheme | Damaged status | Home library | Current library | Shelving location | Date acquired | Total Checkouts | Full call number | Barcode | Date last seen | Copy number | Price effective from | Koha item type |
|---|---|---|---|---|---|---|---|---|---|---|---|---|---|---|
| Library of Congress Classification | Luxembourg Library | Luxembourg Library | Kids Fiction Section | 07/30/2013 | PZ 7 .H551 1996 | 5915 | 07/19/2016 | 1 | 07/30/2013 | Books |